3-Picture Word Ladders III Quiz Stats

Quiz Updated Feb 29, 2016

Challenge
Share
Tweet
Score 0/18 Timer 05:00
0 Plays Today
% Correct
Bat → Hat → Ham
99.1%
Bee → Bed → Red
97.3%
Saw → Paw → Pan
95.7%
Rug → Bug → Bag
95.6%
Pen → Pin → Bin
95%
Can → Cap → Cop
94.5%
Cow → Bow → Boy
93.6%
Hip → Lip → Lid
90.9%
Hay → Ray → Rat
90.2%
% Correct
Box → Fox → Fax
90.2%
Map → Tap → Top
88.5%
Leg → Log → Jog
87.7%
Fig → Fog → Dog
85.5%
Gum → Rum → Rim
85%
Sea → Tea → Pea
84.4%
Dig → Pig → Pit
77.8%
Sky → Soy → Toy
69.3%
EVE → Eye → Rye
55.2%

You're not logged in!

Compare scores with friends on all Sporcle quizzes.
Join for Free
OR
Log In

You Might Also Like...

Show Comments

Extras

Top Quizzes Today


Score Distribution

Your Account Isn't Verified!

In order to create a playlist on Sporcle, you need to verify the email address you used during registration. Go to your Sporcle Settings to finish the process.

Report this User

Report this user for behavior that violates our Community Guidelines.

Details: